Countries without diplomatic relations with the USA - Statistics

General Stats
  • This quiz has been taken 786 times
  • The average score is 3 of 5
Answer Stats
Not US-friends % Correct
North Korea
92%
Iran
85%
Cuba
65%
Taiwan
29%
Bhutan
24%
No matching quizzes found
Score Distribution
Percent of People with Each Score
Percentile by Number Answered
Your Score History
You have not taken this quiz